[Event "Superettan(Rockaden,Sthlm II-Schack 08)"]
[Site "?"]
[Date "2024.10.06"]
[Round "3"]
[White "Sternlund, Hakan"]
[Black "Hedman, Erik"]
[Result "1/2-1/2"]
[WhiteElo "2113"]
[BlackElo "2272"]
[PlyCount "35"]
[SourceVersionDate "2024.11.01"]

1. c4 Nf6 2. g3 c5 3. Nc3 d5 4. cxd5 Nxd5 5. Bg2 Nc7 6. Nf3 Nc6 7. O-O e5 8. d3 Be7 9. Nd2 Bd7 10. Nc4 f6 11. f4 b5 12. Ne3 exf4 13. gxf4 Rb8 14. Bd2 Nd4 15. Rc1 O-O 16. Ne4 Be8 17. Ba5 Bh5 18. Rf2 1/2-1/2

[Event "Superettan(Lulea-Helsingborg)"]
[Site "?"]
[Date "2024.10.06"]
[Round "3"]
[White "Takacs, Laszlo"]
[Black "Derdic, Valentin"]
[Result "1-0"]
[WhiteElo "2207"]
[BlackElo "1936"]
[PlyCount "121"]
[SourceVersionDate "2024.10.30"]

1. e4 e5 2. Nf3 Nc6 3. Bc4 Nf6 4. Ng5 d5 5. exd5 Na5 6. Bb5+ c6 7. dxc6 bxc6 8.
Be2 Be7 9. d3 O-O 10. O-O Nd5 11. Nf3 Qc7 12. c4 Nf6 13. Nc3 Rd8 14. Qc2 Rb8
15. Be3 Bf5 16. Ne4 Bxe4 17. dxe4 c5 18. Rfd1 Nc6 19. Rxd8+ Rxd8 20. Rd1 Nd4
21. Bxd4 exd4 22. e5 Nd7 23. Qe4 Nf8 24. Ne1 Qb6 25. Qc2 Qg6 26. Qxg6 hxg6 27.
Bg4 f5 28. Bf3 g5 29. Bd5+ Kh7 30. Kf1 Nd7 31. Be6 Nxe5 32. Bxf5+ g6 33. Be6
Kg7 34. Nd3 Nxd3 35. Rxd3 Rd6 36. Bd5 Rb6 37. b3 Ra6 38. Rd2 Bf6 39. Ke2 Rd6
40. Kf3 Rd7 41. Re2 Re7 42. Re6 Rxe6 43. Bxe6 Be7 44. Ke4 Kf6 45. Kd5 Bf8 46.
Bg4 Be7 47. Be2 Bf8 48. h3 Be7 49. Bd3 Kf7 50. Kc6 Ke6 51. Bxg6 Bd6 52. Kb7 a5
53. Kb6 Kd7 54. Kxa5 Kc7 55. Kb5 Be7 56. Be4 Kd6 57. a4 Ke5 58. Bd3 Kd6 59. a5
Kc7 60. Be4 Kb8 61. Kb6 1-0

[Event "Superettan(Orgryte-Farsta)"]
[Site "?"]
[Date "2024.10.06"]
[Round "3"]
[White "Troberg Eskola, Love"]
[Black "Wisdahl, Peter"]
[Result "1-0"]
[WhiteElo "2045"]
[BlackElo "1966"]
[PlyCount "71"]
[SourceVersionDate "2024.10.31"]

1. c4 Nf6 2. Nc3 c5 3. Nf3 Nc6 4. g3 g6 5. Bg2 Bg7 6. O-O O-O 7. d4 cxd4 8. Nxd4 Qb6 9. Nb3 d6 10. Bg5 Ne5 11. Bxf6 exf6 12. Nd5 Qd8 13. Rc1 Re8 14. Nd4 a6 15. Qd2 Bd7 16. e3 f5 17. Rfd1 Rb8 18. Qb4 Bc6 19. b3 Bxd5 20. Bxd5 Nc6 21. Bxc6 bxc6 22. Qa4 Bxd4 23. Rxd4 Qc7 24. Rcd1 Red8 25. Qa3 c5 26. Rd5 a5 27. Qb2 a4 28. Qf6 axb3 29. axb3 Rxb3 30. Rxd6 Rxd6 31. Rxd6 Rb8 32. Qe5 Rc8 33. h4 h5 34. Qd5 Qe7 35. Rxg6+ Kh7 36. Rg5 1-0

[Event "Superettan(Rockaden,Sthlm II-Schack 08)"]
[Site "?"]
[Date "2024.10.06"]
[Round "3"]
[White "Nikolic, Vladan"]
[Black "Ask, Josef"]
[Result "1-0"]
[WhiteElo "2209"]
[BlackElo "2106"]
[PlyCount "87"]
[SourceVersionDate "2024.11.01"]

1. d4 Nf6 2. c4 b5 3. cxb5 a6 4. bxa6 Nxa6 5. Nc3 e6 6. Nf3 Bb7 7. Bg5 Be7 8. e3 c5 9. Be2 cxd4 10. exd4 Qb6 11. a3 Nc7 12. b4 d6 13. O-O O-O 14. Qd2 Ncd5 15. Nxd5 Bxd5 16. Qb2 Rfb8 17. Rfc1 h6 18. Be3 Qb7 19. h3 Ne4 20. Bf1 Bf6 21. Nd2 Ng5 22. Nc4 Qe7 23. Bf4 Ne4 24. f3 Qa7 25. Rd1 Bxc4 26. Bxc4 Rc8 27. Bxe6 Rc3 28. Bd5 Bxd4+ 29. Kh2 Rd3 30. Qc2 Bxa1 31. Rxd3 Nf2 32. Be3 Be5+ 33. Kg1 Qa6 34. Bxf2 Rc8 35. Qd1 Bf4 36. Qb3 Rc1+ 37. Rd1 Qc8 38. Bxf7+ Kh8 39. Qd3 Rc3 40. Qe4 Be5 41. f4 Rc1 42. Rxc1 Qxc1+ 43. Kh2 Bxf4+ 44. g3 1-0

[Event "Superettan(Lulea-Helsingborg)"]
[Site "?"]
[Date "2024.10.06"]
[Round "3"]
[White "Johansson, Thomas"]
[Black "Marklund, Niklas"]
[Result "0-1"]
[WhiteElo "2179"]
[BlackElo "2125"]
[PlyCount "82"]
[SourceVersionDate "2024.10.30"]

1. e4 c5 2. c3 d6 3. d4 Nf6 4. dxc5 Nc6 5. Qd3 d5 6. exd5 Nxd5 7. a3 e5 8. Be3
f5 9. b4 Be6 10. b5 Na5 11. c4 e4 12. Qc2 Nxe3 13. fxe3 Bxc5 14. Nc3 Nxc4 15.
Bxc4 Bxc4 16. Nxe4 Qh4+ 17. Ng3 Bd6 18. O-O-O Bxa3+ 19. Kb1 Be6 20. Rd4 Qf6 21.
Qc3 Bd6 22. Nh5 Qe5 23. Qd3 Bc5 24. Nf3 Qc7 25. Ng5 Bc8 26. Rc1 b6 27. Qc4 Qe7
28. Nf7 O-O 29. Nh6+ Kh8 30. Rd8 Be6 31. Rxf8+ Rxf8 32. Qc3 Qg5 33. Qe5 Qxh6
34. Nf4 Re8 35. Rd1 Kg8 36. Qc7 Qf6 37. Qc6 Bf7 38. Rd7 Bxe3 39. Nd5 Bxd5 40.
Rxd5 Qxc6 41. bxc6 Rc8 0-1

[Event "Superettan(Orgryte-Farsta)"]
[Site "?"]
[Date "2024.10.06"]
[Round "3"]
[White "Jaderberg, Bjorn"]
[Black "Green, Per"]
[Result "1-0"]
[WhiteElo "2161"]
[BlackElo "1992"]
[PlyCount "63"]
[SourceVersionDate "2024.10.31"]

1. c4 c5 2. Nc3 Nf6 3. g3 d5 4. cxd5 Nxd5 5. Bg2 Nc7 6. e3 e5 7. Nge2 Be7 8. O-O O-O 9. f4 Bf6 10. Ne4 exf4 11. Nxf4 Be7 12. b3 Nc6 13. Bb2 f6 14. Rc1 Na6 15. Nd5 Ne5 16. Bxe5 fxe5 17. Qh5 Nc7 18. Nxe7+ Qxe7 19. Rxf8+ Qxf8 20. Qxe5 Qd8 21. Rxc5 Ne6 22. Rd5 Qf8 23. Nd6 a5 24. Nxc8 Qxc8 25. Bh3 Qc1+ 26. Kg2 Nf8 27. Qc3 Qe1 28. Rf5 Rd8 29. Rf2 Qb1 30. Qc7 Qe4+ 31. Kg1 Re8 32. Qf7+ 1-0

[Event "Superettan(Rockaden,Sthlm II-Schack 08)"]
[Site "?"]
[Date "2024.10.06"]
[Round "3"]
[White "Wester, Fredrik"]
[Black "Jonsson, Filip"]
[Result "0-1"]
[WhiteElo "1981"]
[BlackElo "2070"]
[PlyCount "53"]
[SourceVersionDate "2024.11.01"]

1. e4 e6 2. c4 d5 3. cxd5 exd5 4. Qb3 dxe4 5. Bc4 Qd7 6. Nc3 Nc6 7. Nxe4 Nd4 8. Qd3 b5 9. Bb3 Bb7 10. f3 O-O-O 11. Ne2 Nxb3 12. Qxb3 f5 13. N4g3 h5 14. Qc2 g6 15. Nf1 Nf6 16. Ne3 Bd6 17. b3 f4 18. Bb2 Rhf8 19. Nd1 Qe6 20. Kf2 Ng4+ 21. Kf1 Rde8 22. Ndc3 Qe3 23. dxe3 Nxe3+ 24. Kf2 Nxc2 25. Rac1 Bc5+ 26. Kf1 Ne3+ 27. Kf2 0-1

[Event "Superettan(Lulea-Helsingborg)"]
[Site "?"]
[Date "2024.10.06"]
[Round "3"]
[White "Pettersson, Tobias"]
[Black "Rothman, Peter"]
[Result "0-1"]
[WhiteElo "2069"]
[BlackElo "2117"]
[PlyCount "80"]
[EventDate "2024.??.??"]
[SourceVersionDate "2024.10.30"]

1. d4 d5 2. Nf3 Nf6 3. Bf4 Bf5 4. e3 e6 5. Be2 h6 6. O-O Bd6 7. Bxd6 Qxd6 8. Ne5 O-O 9. c4 c6 10. f4 Nbd7 11. Nc3 Ne4 12. Nxe4 Bxe4 13. c5 Qc7 14. b4 a6 15. a4 f6 16. Nxd7 Qxd7 17. Bd3 Bxd3 18. Qxd3 Rfe8 19. Rf2 e5 20. fxe5 fxe5 21. Raf1 exd4 22. exd4 Re4 23. Qg3 Rae8 24. Qg6 Qe6 25. Rf6 Qg4 26. Qf7+ Kh7 27. h3 Qg5 28. Qxb7 R8e7 29. Qxc6 gxf6 30. Qxf6 Qxf6 31. Rxf6 Rxd4 32. b5 Rxa4 33. b6 Rb4 34. Rd6 d4 35. Rc6 Kg7 36. Rc7 Kf6 37. Ra7 Re5 38. Rc7 d3 39. b7 d2 40. Rd7 Re1+ 0-1

[Event "Superettan(Orgryte-Farsta)"]
[Site "?"]
[Date "2024.10.06"]
[Round "3"]
[White "Kleimark, Anders"]
[Black "Lagerborg, Krister"]
[Result "0-1"]
[WhiteElo "1965"]
[BlackElo "2013"]
[PlyCount "102"]
[SourceVersionDate "2024.10.31"]

1. d4 Nf6 2. c4 g6 3. Nc3 Bg7 4. e4 d6 5. Be2 O-O 6. Be3 e5 7. d5 a5 8. Nf3 Na6 9. O-O h6 10. a3 Ne8 11. Qc1 Kh7 12. b4 f5 13. exf5 gxf5 14. Rb1 f4 15. Bd3+ Kh8 16. Bd2 Bg4 17. Ne1 Bf6 18. f3 Bd7 19. Be4 Ng7 20. Nd3 axb4 21. axb4 Nf5 22. Qe1 Bh4 23. Qd1 Rg8 24. Kh1 Qg5 25. g4 h5 26. Rg1 Nd4 27. h3 Raf8 28. Ne2 Nxe2 29. Qxe2 Qf6 30. Rbc1 hxg4 31. hxg4 Kg7 32. Nxf4 Kf7 33. Nh5 Qe7 34. Bh6 Rc8 35. Qe3 Bg5 36. Bxg5 Rxg5 37. Ng3 Rh8+ 38. Kg2 Nxb4 39. Rb1 Na6 40. Rxb7 Bc8 41. Ra7 Rhg8 42. Kf2 Nc5 43. Bf5 Bxf5 44. Nxf5 Rxf5 45. gxf5 Qh4+ 46. Ke2 Qxc4+ 47. Kd1 Qxd5+ 48. Kc2 Qc4+ 49. Kb1 Rb8+ 50. Ka1 Nb3+ 51. Ka2 Na5+ 0-1

[Event "Superettan(Rockaden,Sthlm II-Schack 08)"]
[Site "?"]
[Date "2024.10.06"]
[Round "3"]
[White "Zadruzny, Nicolaj"]
[Black "Lofgren, Vide"]
[Result "1-0"]
[WhiteElo "2221"]
[BlackElo "1905"]
[PlyCount "55"]
[SourceVersionDate "2024.11.01"]

1. e4 e6 2. d4 d5 3. Nd2 Nf6 4. e5 Nfd7 5. Bd3 c5 6. c3 Nc6 7. Ne2 cxd4 8. cxd4 f6 9. exf6 Nxf6 10. Nf3 Bd6 11. O-O O-O 12. Bf4 Bxf4 13. Nxf4 Qd6 14. g3 Ne4 15. Re1 Rxf4 16. gxf4 Qxf4 17. Bxe4 dxe4 18. Ne5 Nxe5 19. dxe5 b6 20. Qd8+ Kf7 21. Re3 Qxe5 22. Rc1 Qd5 23. Rc7+ Kg6 24. Qe8+ Kf5 25. Qh5+ g5 26. Qxh7+ Ke5 27. Qh8+ Kd6 28. Rxc8 1-0

[Event "Superettan(Vasteras-Kristineberg)"]
[Site "?"]
[Date "2024.10.06"]
[Round "3"]
[White "Tairi, Faruk"]
[Black "Hamark, Jesper"]
[Result "1/2-1/2"]
[WhiteElo "2402"]
[BlackElo "2296"]
[PlyCount "27"]
[SourceVersionDate "2024.10.30"]

1. e4 c5 2. Nf3 e6 3. d4 cxd4 4. Nxd4 Nf6 5. Nc3 Nc6 6. Ndb5 Bb4 7. a3 Bxc3+ 8.
Nxc3 d5 9. exd5 exd5 10. Bd3 O-O 11. O-O d4 12. Ne2 Bg4 13. h3 Bh5 14. f4
1/2-1/2

[Event "Superettan(Wasa II-Skara)"]
[Site "?"]
[Date "2024.10.06"]
[Round "3"]
[White "Djurhuus, Rune"]
[Black "Mustaps, Matiss"]
[Result "1/2-1/2"]
[WhiteElo "2376"]
[BlackElo "2367"]
[PlyCount "122"]
[SourceVersionDate "2024.10.31"]

1. e4 c5 2. Nf3 d6 3. Bb5+ Bd7 4. Bxd7+ Qxd7 5. O-O Nf6 6. Re1 Nc6 7. c3 g6 8. d4 cxd4 9. cxd4 Bg7 10. Nc3 O-O 11. h3 d5 12. Ne5 Qd8 13. Nxc6 bxc6 14. e5 Nd7 15. Na4 Rc8 16. b3 e6 17. Ba3 Re8 18. Qd2 f6 19. exf6 Qxf6 20. Nc5 Nxc5 21. Bxc5 Rc7 22. Bd6 Rf7 23. Be5 Qh4 24. Bxg7 Kxg7 25. Rac1 Qf4 26. Qxf4 Rxf4 27. Rxc6 Rxd4 28. Rexe6 Rxe6 29. Rxe6 Rd1+ 30. Kh2 Rd2 31. Ra6 Rxf2 32. Rxa7+ Kf6 33. Kg3 Rb2 34. Kf4 g5+ 35. Ke3 Rxg2 36. Kd4 Rd2+ 37. Kc5 Ke6 38. a4 h5 39. Rg7 Rc2+ 40. Kd4 Kf6 41. Rh7 Kg6 42. Re7 Rd2+ 43. Kc3 Rh2 44. Re3 Kf5 45. a5 Kf4 46. Rd3 Ke5 47. b4 Kd6 48. Kb3 g4 49. hxg4 hxg4 50. Rd4 Kc6 51. Rxg4 Kb5 52. Rd4 Rh3+ 53. Kc2 Rg3 54. Rd3 Rg4 55. Rxd5+ Kxb4 56. a6 Rg8 57. a7 Ra8 58. Rd7 Kb5 59. Kb3 Kb6 60. Kb4 Rxa7 61. Rxa7 Kxa7 1/2-1/2

[Event "Superettan(Vasteras-Kristineberg)"]
[Site "?"]
[Date "2024.10.06"]
[Round "3"]
[White "Akesson, Ralf"]
[Black "Lejlic, Samir"]
[Result "1-0"]
[WhiteElo "2351"]
[BlackElo "2330"]
[PlyCount "101"]
[SourceVersionDate "2024.10.30"]

1. Nf3 d6 2. d4 Bg4 3. c4 c6 4. Nc3 Nd7 5. e4 e5 6. Be2 Ngf6 7. O-O Be7 8. Be3
O-O 9. h3 Bxf3 10. Bxf3 exd4 11. Qxd4 Re8 12. Qd2 Bf8 13. Rfe1 Nc5 14. Qc2 Ne6
15. Rad1 Nd7 16. Be2 Qf6 17. Bf1 Ne5 18. Ne2 c5 19. b3 Nc6 20. Qd2 h6 21. f4 a5
22. a4 Qd8 23. g3 Qb6 24. Qd3 Be7 25. Qb1 Ned4 26. Nxd4 Nxd4 27. Bxd4 cxd4 28.
Bd3 Qc5 29. Qc2 Bf6 30. Qf2 Ra6 31. Bc2 g6 32. Rd2 Rd8 33. Rde2 Bg7 34. Qf3 Qb4
35. Kh2 Rc6 36. h4 Qc5 37. Rf2 Rc7 38. h5 Qxh5+ 39. Qxh5 gxh5 40. Kg2 Bf6 41.
Kf3 Kf8 42. Rh2 Rc5 43. Bd3 Ke7 44. Reh1 h4 45. gxh4 Rg8 46. h5 Ke6 47. Re2 Be7
48. Rg2 Rxg2 49. Kxg2 Kf6 50. Kf3 Rc8 51. e5+ 1-0

[Event "Superettan(Wasa II-Skara)"]
[Site "?"]
[Date "2024.10.06"]
[Round "3"]
[White "Rogule, Laura"]
[Black "Grunt Kreken, Eivind"]
[Result "0-1"]
[WhiteElo "2248"]
[BlackElo "2287"]
[PlyCount "60"]
[SourceVersionDate "2024.10.31"]

1. d4 d5 2. c4 e6 3. Nf3 c5 4. cxd5 exd5 5. g3 Nf6 6. Bg2 Nc6 7. O-O Be7 8. dxc5 Bxc5 9. Bg5 O-O 10. Nc3 d4 11. Bxf6 Qxf6 12. Ne4 Qe7 13. Nxc5 Qxc5 14. Rc1 Qb6 15. b3 Re8 16. Rc2 Bg4 17. Rd2 Rad8 18. h3 Bh5 19. Qa1 h6 20. Qb2 a5 21. Rfd1 Qb5 22. Bf1 Bxf3 23. exf3 Qf5 24. f4 g5 25. fxg5 hxg5 26. Bg2 d3 27. Bxc6 bxc6 28. Qc3 Rd6 29. Rxd3 Re2 30. f4 Qxh3 0-1

[Event "Superettan(Vasteras-Kristineberg)"]
[Site "?"]
[Date "2024.10.06"]
[Round "3"]
[White "Oliwa, Marek"]
[Black "Norberg, Johan"]
[Result "1/2-1/2"]
[WhiteElo "2394"]
[BlackElo "2286"]
[PlyCount "25"]
[SourceVersionDate "2024.10.30"]

1. d4 d6 2. Nf3 g6 3. e4 Nf6 4. Bd3 Bg7 5. O-O O-O 6. c3 c6 7. Nbd2 Nbd7 8. Re1
e5 9. a4 Qc7 10. Bc2 Re8 11. h3 b6 12. Bb3 Bb7 13. dxe5 1/2-1/2

[Event "Superettan(Wasa II-Skara)"]
[Site "?"]
[Date "2024.10.06"]
[Round "3"]
[White "Ronneland, Daniel"]
[Black "Cramling, Dan"]
[Result "1-0"]
[WhiteElo "2203"]
[BlackElo "2317"]
[PlyCount "83"]
[SourceVersionDate "2024.10.31"]

1. e4 Nf6 2. e5 Nd5 3. d4 d6 4. Nf3 g6 5. Bc4 Nb6 6. Bb3 Bg7 7. Ng5 e6 8. Qf3 Qe7 9. Ne4 dxe5 10. dxe5 N8d7 11. Bg5 Qb4+ 12. Nbc3 Qa5 13. O-O-O O-O 14. Nf6+ Nxf6 15. Bxf6 Nd7 16. Bxg7 Kxg7 17. Rxd7 Bxd7 18. Qf6+ Kg8 19. h4 c5 20. Ne4 Bc6 21. h5 Qd8 22. hxg6 Qxf6 23. Nxf6+ Kg7 24. gxh7 Rh8 25. Rh4 Kf8 26. Rg4 Ke7 27. a4 Rad8 28. Rg7 Bd5 29. Bxd5 exd5 30. f4 Ke6 31. Rg8 Ke7 32. Kd2 d4 33. b3 b6 34. Kd3 a6 35. Ke4 b5 36. axb5 axb5 37. Kd3 Rf8 38. Rg7 Rd8 39. g4 Ke6 40. Ke4 Rdf8 41. f5+ Ke7 42. g5 1-0

[Event "Superettan(Vasteras-Kristineberg)"]
[Site "?"]
[Date "2024.10.06"]
[Round "3"]
[White "Kretz, Johan"]
[Black "Engstrom, Kaj"]
[Result "1/2-1/2"]
[WhiteElo "2142"]
[BlackElo "2204"]
[PlyCount "85"]
[SourceVersionDate "2024.10.30"]

1. d4 Nf6 2. c4 e6 3. Nf3 d5 4. Bg5 c6 5. e3 Qa5+ 6. Nfd2 Ne4 7. Bh4 Nd7 8.
cxd5 exd5 9. Bd3 Bb4 10. Bxe4 dxe4 11. O-O f5 12. Nc4 Qd5 13. Qb3 a5 14. a3 b5
15. axb4 bxc4 16. Qa3 f4 17. b5 c5 18. Nc3 Qh5 19. Nxe4 O-O 20. Be7 Re8 21. f3
Rxe7 22. dxc5 fxe3 23. c6 Qe5 24. cxd7 Bxd7 25. Qxe3 Bxb5 26. Qc3 Qxc3 27. Nxc3
Be8 28. Rfe1 Rb7 29. Ra2 Bg6 30. Re5 Rb3 31. Re2 Bd3 32. Rd2 h6 33. Kf2 Kf8 34.
Nd1 Rab8 35. Nc3 R3b7 36. Ke1 Re7+ 37. Kd1 Rbe8 38. Kc1 Re1+ 39. Rd1 R1e5 40.
Kd2 Rd8 41. Kc1 Rb8 42. Kd2 Rd8 43. Kc1 1/2-1/2

[Event "Superettan(Wasa II-Skara)"]
[Site "?"]
[Date "2024.10.06"]
[Round "3"]
[White "Astrom, Goran"]
[Black "Olsson, Simon"]
[Result "1-0"]
[WhiteElo "2207"]
[BlackElo "2086"]
[PlyCount "139"]
[SourceVersionDate "2024.10.31"]

1. e4 c6 2. d4 d5 3. Nc3 dxe4 4. Nxe4 Nd7 5. Ng5 Ngf6 6. Bd3 e5 7. Bc4 Nd5 8. Qf3 Qe7 9. Bxd5 cxd5 10. Qxd5 h6 11. N5f3 exd4+ 12. Ne2 Qb4+ 13. Nd2 Nf6 14. Qxd4 Bf5 15. Qxb4 Bxb4 16. c3 Bd6 17. O-O O-O-O 18. Nd4 Bd3 19. Re1 Rhe8 20. N2f3 Rxe1+ 21. Nxe1 Be4 22. Nef3 Ng4 23. h3 Ne5 24. Nxe5 Bxe5 25. Be3 Bxd4 26. Bxd4 a6 27. f3 Bc6 28. Bxg7 Rg8 29. Bxh6 Bxf3 30. g4 Rh8 31. Kf2 Rxh6 32. Kxf3 Rxh3+ 33. Kg2 Rh6 34. Rf1 f6 35. Kg3 Kd7 36. Re1 Rh7 37. Re2 Rg7 38. Kf4 Rg5 39. c4 b5 40. Rd2+ Ke6 41. Rd5 Rg8 42. Rc5 bxc4 43. Rxc4 a5 44. Rc6+ Kf7 45. Rc5 a4 46. Ra5 Rb8 47. Kf5 Rxb2 48. Ra7+ Kg8 49. Rxa4 Rf2+ 50. Kg6 Kf8 51. Ra7 Rf4 52. Kh5 Rc4 53. a4 Kg8 54. a5 Ra4 55. Kg6 Rxg4+ 56. Kxf6 Ra4 57. Ra8+ Kh7 58. Ra7+ Kg8 59. a6 Kh8 60. Kg6 Rg4+ 61. Kf5 Ra4 62. Ke5 Ra5+ 63. Kd6 Ra1 64. Ra8+ Kg7 65. Kc6 Kf7 66. Kb6 Rb1+ 67. Ka7 Ke7 68. Rb8 Ra1 69. Rb6 Kd7 70. Kb7 1-0

[Event "Superettan(Vasteras-Kristineberg)"]
[Site "?"]
[Date "2024.10.06"]
[Round "3"]
[White "Hald Falkesgaard, Jeppe"]
[Black "Eriksson, Anders"]
[Result "1-0"]
[WhiteElo "2262"]
[BlackElo "2156"]
[PlyCount "101"]
[SourceVersionDate "2024.10.30"]

1. d4 Nf6 2. c4 e6 3. Nf3 Bb4+ 4. Nbd2 O-O 5. a3 Be7 6. e4 d6 7. Bd3 Nfd7 8.
O-O e5 9. Qe2 exd4 10. Nxd4 Bf6 11. N2f3 Ne5 12. Nxe5 dxe5 13. Nf3 Bg4 14. h3
Bxf3 15. Qxf3 Nc6 16. Qg3 Qe7 17. Be3 Rfd8 18. Rad1 Rd7 19. Bc2 Rxd1 20. Rxd1
Rd8 21. Rd5 Rxd5 22. cxd5 Nd4 23. Bxd4 exd4 24. Qg4 Qd8 25. Qe2 Be5 26. Qb5 Qc8
27. g3 a6 28. Qc5 b6 29. Qc6 g5 30. Bd3 Kg7 31. Kg2 a5 32. Qc1 Qd8 33. Qd1 Qf6
34. Qg4 Kf8 35. b3 h6 36. Bb5 Qg6 37. Bd3 Qf6 38. h4 Bd6 39. hxg5 Qxg5 40. Qe2
Bxa3 41. f4 Qd8 42. Bc4 Qd6 43. e5 Qc5 44. Qh5 b5 45. e6 fxe6 46. Qxh6+ Ke8 47.
Qh8+ Kd7 48. dxe6+ Kc6 49. Qa8+ Kb6 50. Qb8+ Kc6 51. e7 1-0

[Event "Superettan(Wasa II-Skara)"]
[Site "?"]
[Date "2024.10.06"]
[Round "3"]
[White "Eklund, Lars-Goran"]
[Black "Tetenkina, Irina"]
[Result "1-0"]
[WhiteElo "2198"]
[BlackElo "2128"]
[PlyCount "61"]
[SourceVersionDate "2024.10.31"]

1. Nf3 Nf6 2. c4 g6 3. Nc3 Bg7 4. e4 d6 5. d4 O-O 6. Be2 Nbd7 7. e5 Ne8 8. e6 fxe6 9. Ng5 Ndf6 10. h4 d5 11. h5 Nd6 12. hxg6 hxg6 13. c5 Nde4 14. Ncxe4 Nxe4 15. Nxe4 dxe4 16. Be3 Qd5 17. Qc2 Bd7 18. Bc4 Qf5 19. Rh4 Bc6 20. g4 Qf6 21. g5 Qf5 22. O-O-O Bd5 23. Rf4 Qh3 24. Rxe4 c6 25. Rg1 Qf5 26. Bd3 Bxe4 27. Bxe4 Qh3 28. Rh1 Qxh1+ 29. Bxh1 e5 30. Qxg6 Rad8 31. dxe5 1-0

[Event "Superettan(Orgryte-Lulea)"]
[Site "?"]
[Date "2024.10.05"]
[Round "2"]
[White "Troberg Eskola, Love"]
[Black "Marklund, Niklas"]
[Result "1-0"]
[WhiteElo "2045"]
[BlackElo "2125"]
[PlyCount "85"]
[SourceVersionDate "2024.10.27"]

1. c4 Nf6 2. Nc3 e5 3. e3 Nc6 4. Qb3 Bb4 5. Nge2 O-O 6. a3 Bc5 7. g3 d6 8. Bg2
a6 9. O-O Na5 10. Qa2 Be6 11. b4 Nxc4 12. Qc2 Ba7 13. d3 Nb6 14. Bxb7 Bh3 15.
Re1 Qd7 16. Bxa8 Rxa8 17. Kh1 Qc6+ 18. e4 Ng4 19. Be3 d5 20. Ng1 d4 21. Nxh3
dxe3 22. fxe3 Qh6 23. Ng1 Nd7 24. Nd1 Re8 25. Qe2 Qe6 26. h3 Ngf6 27. Kg2 h6
28. Nf3 g5 29. Nh2 c5 30. bxc5 Nxc5 31. Ng4 Nh7 32. Rf1 Rd8 33. Nb2 Kg7 34. Rf5
f6 35. Raf1 Qa2 36. Nxf6 Nxf6 37. Rxf6 Nxd3 38. Rf7+ Kg8 39. Rxa7 Rb8 40. Qxd3
Rxb2+ 41. Kf3 g4+ 42. Kxg4 Rd2 43. Qxa6 1-0

[Event "Superettan(Helsingborg-Schack 08)"]
[Site "?"]
[Date "2024.10.05"]
[Round "2"]
[White "Rothman, Peter"]
[Black "Ask, Josef"]
[Result "0-1"]
[WhiteElo "2117"]
[BlackElo "2106"]
[PlyCount "70"]
[SourceVersionDate "2024.10.29"]

1. d4 Nf6 2. Nf3 b5 3. e3 a6 4. c4 e6 5. cxb5 Bb7 6. Nc3 axb5 7. Bxb5 c6 8. Bd3
Qb6 9. O-O Na6 10. a3 Nb4 11. Be2 Qc7 12. Bd2 Nbd5 13. Nxd5 Nxd5 14. Qc2 Be7
15. Rfc1 O-O 16. b4 f5 17. Bc3 Rf6 18. Bb2 Rh6 19. g3 Bd6 20. Ne5 Qd8 21. Bf3
Qg5 22. Bg2 f4 23. exf4 Nxf4 24. gxf4 Qxf4 25. h3 Bxe5 26. dxe5 Rg6 27. f3 c5
28. Rf1 Rf8 29. Kh1 Rg3 30. Rae1 Qh4 31. Re3 Rf5 32. Re4 Rxh3+ 33. Kg1 Qg3 34.
Rg4 Qh2+ 35. Kf2 Rhxf3+ 0-1

[Event "Superettan(Farsta-Västerås)"]
[Site "?"]
[Date "2024.10.05"]
[Round "2"]
[White "Lundin, Jan"]
[Black "Eriksson, Anders"]
[Result "1/2-1/2"]
[WhiteElo "2181"]
[BlackElo "2156"]
[PlyCount "40"]
[SourceVersionDate "2024.10.30"]

1. e4 c6 2. d4 d5 3. exd5 cxd5 4. Bf4 Nc6 5. c3 Nf6 6. Nd2 Bg4 7. Qb3 Qc8 8.
Ngf3 e6 9. Bd3 Bh5 10. a4 Be7 11. a5 a6 12. Ra4 Bg6 13. Bxg6 hxg6 14. h3 O-O
15. O-O Rd8 16. Re1 Bd6 17. Bxd6 Rxd6 18. Ne5 Qc7 19. Qa3 Nd7 20. Ndf3 Ndxe5
1/2-1/2

[Event "Superettan(Orgryte-Lulea)"]
[Site "?"]
[Date "2024.10.05"]
[Round "2"]
[White "Pettersson, Tobias"]
[Black "Green, Per"]
[Result "1-0"]
[WhiteElo "2069"]
[BlackElo "1992"]
[PlyCount "77"]
[SourceVersionDate "2024.10.27"]

1. d4 Nf6 2. Nf3 e6 3. Bg5 c5 4. e3 h6 5. Bh4 d5 6. Nbd2 Nbd7 7. c3 Bd6 8. Bd3
Qc7 9. O-O b6 10. e4 dxe4 11. Nxe4 Nxe4 12. Bxe4 Bb7 13. Bxb7 Qxb7 14. dxc5
Bxc5 15. b4 Be7 16. Bxe7 Kxe7 17. Qd4 Nf6 18. b5 Qe4 19. Rad1 Rhd8 20. Qe5 Rac8
21. Rxd8 Rxd8 22. Re1 Qb7 23. c4 Qd7 24. a4 Kf8 25. c5 bxc5 26. Qxc5+ Kg8 27.
h3 Rc8 28. Qe5 Rc4 29. a5 Qd8 30. Ra1 Ne4 31. Qb2 Qd6 32. Rb1 Nc3 33. Ra1 Qc5
34. b6 axb6 35. a6 Ra4 36. a7 Qc8 37. Rxa4 Nxa4 38. Qe5 Nc5 39. Qb8 1-0

[Event "Superettan(Helsingborg-Schack 08)"]
[Site "?"]
[Date "2024.10.05"]
[Round "2"]
[White "Wester, Fredrik"]
[Black "Nilsson Hask, Patrik"]
[Result "1/2-1/2"]
[WhiteElo "1981"]
[BlackElo "2124"]
[PlyCount "86"]
[SourceVersionDate "2024.10.29"]

1. e4 e6 2. c4 d5 3. cxd5 exd5 4. Qb3 Qe7 5. Nc3 Nf6 6. Nxd5 Qxe4+ 7. Ne3 Be6
8. Qb5+ Qc6 9. Nf3 Qxb5 10. Bxb5+ c6 11. Bd3 Nbd7 12. Ng5 Nc5 13. Bc2 Bd7 14.
b4 Ne6 15. h4 Nd4 16. Bd3 h6 17. Bb2 hxg5 18. Bxd4 Rxh4 19. Rxh4 gxh4 20. Nf5
Bxf5 21. Bxf5 Bxb4 22. Rb1 c5 23. Bxf6 gxf6 24. a3 Bxa3 25. Rxb7 Bb4 26. Bd7+
Kf8 27. Ke2 a5 28. Ba4 Kg7 29. d3 f5 30. Bc6 Rd8 31. Bb5 Kf6 32. Bc4 Re8+ 33.
Kf3 Re7 34. Rb6+ Kg5 35. Rb8 Rd7 36. Rg8+ Kf6 37. Rh8 Rd4 38. Rh7 Kg6 39. Rh8
Kg7 40. Rh5 a4 41. Rxf5 a3 42. Rxf7+ Kg6 43. Ra7 Kf6 1/2-1/2

[Event "Superettan(Farsta-Västerås)"]
[Site "?"]
[Date "2024.10.05"]
[Round "2"]
[White "Bjorkman, Filip"]
[Black "Lindeman, Sven"]
[Result "1/2-1/2"]
[WhiteElo "2114"]
[BlackElo "2176"]
[PlyCount "102"]
[SourceVersionDate "2024.10.30"]

1. e4 e5 2. Nf3 Nc6 3. Bc4 Nf6 4. Ng5 d5 5. exd5 Na5 6. Bb5+ c6 7. dxc6 bxc6 8.
Bd3 Nd5 9. Nf3 Bd6 10. O-O O-O 11. Re1 Nf4 12. Bf1 Qf6 13. Nc3 Qg6 14. g3 Bg4
15. Nh4 Qh5 16. f3 Bc5+ 17. Kh1 Bh3 18. Bxh3 Nxh3 19. Kg2 Nf4+ 20. gxf4 Qxh4
21. Ne4 exf4 22. Nxc5 Qg5+ 23. Kh1 Qxc5 24. d4 Qd6 25. Re4 Nc4 26. Bxf4 Qf6 27.
b3 Nd6 28. Bxd6 Qxd6 29. Qd3 Rad8 30. Rd1 g6 31. a4 Rd7 32. Qc4 Qf6 33. Qe2 Kg7
34. Qe3 Rd5 35. Rf4 Qd6 36. Rh4 h5 37. Re4 Rd8 38. c4 Rf5 39. Rg1 Rb8 40. Re5
Rxe5 41. dxe5 Qe6 42. Rd1 Re8 43. f4 Qf5 44. Qd4 Rd8 45. Qxd8 Qe4+ 46. Kg1 Qe3+
47. Kg2 Qe2+ 48. Kg3 Qe3+ 49. Kg2 Qe2+ 50. Kg1 Qe3+ 51. Kf1 Qf3+ 1/2-1/2

[Event "Superettan(Orgryte-Lulea)"]
[Site "?"]
[Date "2024.10.05"]
[Round "2"]
[White "Kleimark, Anders"]
[Black "Liden, Tommy"]
[Result "0-1"]
[WhiteElo "1965"]
[BlackElo "2134"]
[PlyCount "98"]
[SourceVersionDate "2024.10.27"]

1. d4 d5 2. c4 e6 3. Nf3 c6 4. Qc2 Bd6 5. g3 f5 6. Bg2 Nf6 7. O-O O-O 8. b3 Qe7
9. Bf4 Bxf4 10. gxf4 b6 11. a4 a5 12. Ne5 Bb7 13. cxd5 cxd5 14. Na3 Na6 15.
Rfc1 Rac8 16. Qb2 Ne4 17. Nb5 Nb4 18. Rxc8 Rxc8 19. Rc1 Nd6 20. Rxc8+ Bxc8 21.
Qc3 Ba6 22. Nc6 Nxc6 23. Qxc6 Bxb5 24. axb5 Qd8 25. Kf1 Kf7 26. f3 Ke7 27. e4
Nc8 28. exf5 exf5 29. Qc2 Qd7 30. Kg1 Nd6 31. Bf1 g6 32. h4 Kf7 33. h5 Ne8 34.
Qh2 Qe7 35. hxg6+ hxg6 36. Qd2 Ng7 37. Qc3 Qd6 38. Qc8 Ne6 39. Bg2 Nxd4 40.
Qb7+ Kf6 41. Qh7 Ne6 42. Qh4+ Kg7 43. Qe1 Nxf4 44. Qc3+ d4 45. Qd2 Qe5 46. Kh1
Qe3 47. Qc2 Qc3 48. Qf2 Nd3 49. Qg3 Qe1+ 0-1